Quizzes
Events
Quiz Creation
Community
Videos
Private Events
Remove Ads
Sign In
Join for FREE
Feedback
Dark Mode
Quiz Categories
Sports
Geography
Music
Movies
Television
Just For Fun
Miscellaneous
History
Literature
Language
Science
Gaming
Entertainment
Religion
Holiday
For Kids
Quiz Lab
Recent
Popular Today
Quiz Kudos Today
Editor Picks
Curator Picks
Quizzes by...
Day
Popularity
Type
Ratings
Length
Year
Community
Subscriptions
Recent Discussions
Orange Saloon
Badges
Playlists
Quests
Create
Leaderboards
Showdown
Live 5
Trivia Bingo
Activity
Puzzle Library
Sporcle Events
Private Events
Virtual Trivia
Globe League
Become a Host
Pub Owners
SporcleCon
Opinionation
Our Games
Videos
Blog
Mobile Apps
Partnerships
Remove Ads and Go Orange
Feedback
Movies
Disney
Marvel Cinematic Universe
Movie Resume
Movie Titles
Oscar
Actor
Actress
Director
Pixar
Role
Movie Quotes
Movie Characters
Box Office
Nominee
Best Picture
Star Wars
James Bond
Horror Movies
Movies
Disney
Marvel Cinematic Universe
Movie Resume
Movie Titles
Oscar
Actor
Actress
Director
Pixar
Role
Movie Quotes
Movie Characters
Box Office
Nominee
Best Picture
Star Wars
James Bond
Horror Movies
Random Quiz
Search Sporcle
×
Quiz Lab
Quiz Lab
Movies
Oscar
Type in answers that appear in a list
Type in answers that appear in a list
Classic
Best Score? Go Orange.
Mark Wahlberg Stats
Can You Name The Mark Wahlberg Movies?
By
Sepa
7m
52 Questions
539 Plays
539 Plays
539 Plays
Comments
Comments
Give Quiz Kudos
Give Quiz Kudos
-
- Ratings
hide this ad
More Info
Replay
Link that replays current quiz
Next Quiz
Link to next quiz in quiz playlist
You Got
0%
They Got
Avg Score
35%
Avg Friend Score
Upgrade to see
Score Distribution
Jump to the score distribution portion of the page
Score
0/52
Timer
07:00
0
Plays Today
Year
Movies
% Correct
2012
Ted
89.6%
2015
Ted 2
89.6%
2015
Daddy's Home
89%
2017
Daddy's Home Two
87.7%
2006
The Departed
84.4%
2010
The Other Guys
83.1%
1997
Boogie Nights
81.8%
2010
The Fighter
79.2%
2013
Pain & Gain
73.4%
2022
Uncharted
70.7%
2014
Transformers: Age of Extinction
69.5%
2013
2 Guns
67.5%
1999
Three Kings
64.3%
2008
The Happening
64.3%
1995
The Basketball Diaries
63.6%
2017
Transformers: The Last Knight
63.6%
1996
Fear
62.3%
2003
The Italian Job
62.3%
2018
Instant Family
61%
2013
Lone Survivor
59.1%
2022
Father Stu
58.5%
2016
Deepwater Horizon
58.4%
2005
Four Brothers
57.8%
2010
Date Night
57.1%
2016
Patriots Day
55.8%
2000
The Perfect Storm
54.5%
Year
Movies
% Correct
2007
The Shooter
53.9%
2008
Max Payne
53.9%
2007
We Own the Night
51.9%
2001
Planet of the Apes
51.3%
2012
Contraband
50.6%
2001
Rock Star
48.7%
2009
The Lovely Bones
47.4%
2015
Entourage
46.8%
2018
Mile 22
46.1%
2004
I Heart Huckabees
41.6%
2014
The Gambler
40.3%
1994
Renaissance Man
39%
2017
All the Money in the World
39%
2006
Invincible
38.3%
2002
The Truth About Charlie
37%
2013
Broken City
35.1%
2000
The Yards
33.1%
1998
The Big Hit
28.6%
2020
Spenser Confidential
26.9%
2021
Infinite
26.9%
1999
The Corruptor
25.3%
2015
Mojave
25.3%
1997
Traveller
21.4%
2022
Me Time
19.5%
2020*
Scoob!
19.4%
2020
Joe Bell
11.9%
Quiz Playlist
Details
Report
Send in Message
Add To Playlist
More Info:
* DENOTES VOICE ACTOR. LAST UPDATED 7-12-23.
Classic:
Type in answers that appear in a list
Quiz Source
Last Updated: Nov 3, 2023
Quiz Scoreboard
CHALLENGE
Sign Up to Join the Scoreboard
Show All
Scores
Hide
Comments
May contain spoilers
Recently Published
Presidents Visiting Landmarks
by Hejman
History
7m
An Introduction to Baseball
by treessimontrees
Sports
5m
Movies - When Are They Set?
by FPL_Elf
Movies
5m
More to Explore
Quiz From the Vault
Featured Blog Post
Where Did the Easter Bunny Come From?
hide this ad
You Might Also Like...
Tags
Actor Quiz
Movie Resume Quiz
Nominee Quiz
Oscar Quiz
Academy Awards
Mark Wahlberg
Oscar Nominated
Today's Top Quizzes in Movies
Browse Movies
hide this ad
Today's Top Quizzes in Oscar
Browse Oscar
Top Contributed Quizzes in Movies
1
Pick 5 Posters: Directed by Spielberg
2
Pick 5 Posters: Lowest-Rated Spielberg
3
7-to-1: Pixar Characters
4
Multi-Oscar Nominations, One Movie, One Winner
5
Pick 5 Posters: Directed by Scorsese
6
12 Movies about Fictional 1960s Events
7
Pick 5 Posters: Star & Director
8
Sorting Actors
9
Sorting Actresses
10
One Thing in Common: Movies
Explore More
Trending Topics
Marvel
Kpop
Anime
Harry Potter
Disney
NBA
Crossword
Song
Soccer
The Office
WWE
Pokémon
Puzzle
Country
NFL
hide this ad
More By:
Sepa
Quiz
Plays
Rating
Category
Featured
Created
Marvel Characters (A-Z)
218,197
4.22
Entertainment
May 5, 2011
Marvel: Most Published Characters 1-100
181,439
4.44
Entertainment
May 1, 2010
NBA Double-Double Averages (2000-2010)
146,204
4.30
Sports
Dec 1, 2010
DC Comics: Most Published Characters 1-100
93,390
3.97
Entertainment
Jan 3, 2011
1970s World History
91,160
4.23
History
Feb 3, 2010
Go to Creator's Profile
Score Distribution
Quiz Creator Spotlight
Sepa
Follow
Send a Message
Quizzes Created
-
Created Quiz Play Count
-
More By This Creator
Popular Quizzes Today
1
Find the US States - No Outlines Minefield
2
Find the Countries of Europe - No Outlines Minefield
3
The Countries of the World
4
Find the US States
5
Popular People in 1961
6
US States
7
Risky Map Clicking: Biggest States A-Z
8
1-10 Letter E Words III
More Movies Quizzes
Movies by Lego
Published
Trending Quizzes
Risky Map Clicking: Least Populous States A-Z
1-10 Letter G Words
1-10 Letter F Words
One Thing in Common: United Kingdom
Risky Map Clicking: Next State Alphabetically
Recently Updated
Leaping Animals
pecheneg
Reality TV Shows (A-Z)
bhenderson79
Rickey Henderson's Hall of Fame Teammates
pecheneg
Champions League XIs: Arsenal
pecheneg
Quick Pick: Celebrities in WWE's Hall of Fame
aduchscher
A-Z Keypad Blitz II
pecheneg
Multiple Oscar Actors
pecheneg
Mystery Phrase Blitz: Oscar 'Best Actors'
pecheneg
F. Scott Fitzgerald Novels
LTH
Pick 3 Villains
ddd62291
Trending Topics
Crossword
Anime
Disney
Marvel
NBA
Harry Potter
Kpop
WWE
NFL
Country
Song
Puzzle
Pokémon
Soccer
The Office
Your Account Isn't Verified!
In order to create a playlist on Sporcle, you need to verify the email address you used during registration. Go to your
Sporcle Settings
to finish the process.
Report this User
Report this user for behavior that violates our
Community Guidelines
.
Details:
Send Report
Go to the Sporcle.com Mobile Site →
Comments